[Event "Kesan op 14th"]
[Site "Kesan"]
[Date "2016.08.15"]
[Round "2"]
[White "Ozen, Deniz"]
[Black "Gunes, Sunay"]
[Result "1-0"]
[WhiteElo "2193"]
[BlackElo "1836"]
[PlyCount "119"]
[EventDate "2016.08.14"]
[EventType "swiss"]
[EventRounds "9"]
[EventCountry "TUR"]
[SourceTitle "CBM 173 Extra"]
[Source "ChessBase"]
[SourceDate "2016.08.29"]
[SourceVersion "1"]
[SourceVersionDate "2016.08.29"]
[SourceQuality "1"]

1. e4 c5 2. Nf3 d6 3. Bb5+ Bd7 4. Bxd7+ Qxd7 5. 0-0 Nc6 6. c3 Nf6 7. Re1 Rc8 8. d4 cxd4 9. cxd4 g6 10. Nc3 Bg7 11. Bg5 0-0 12. Qd2 Qd8 13. Rac1 Qa5 14. d5 Nb4 15. a3 Na6 16. e5 dxe5 17. Rxe5 Qd8 18. Rce1 Rc7 19. h3 Rd7 20. Qe3 Nxd5 21. Rxd5 Rxd5 22. Bxe7 Re5 23. Qxe5 Bxe5 24. Bxd8 Bxc3 25. bxc3 Rxd8 26. Re7 Rd3 27. Rxb7 Rxc3 28. Rxa7 Rxa3 29. Ne5 Ra1+ 30. Kh2 Re1 31. Nxf7 Nc5 32. Nh6+ Kh8 33. Ng4 Re6 34. Nh6 Rf6 35. f3 Nd3 36. h4 Nf4 37. Rd7 Ne2 38. Re7 Nd4 39. Ng4 Rf8 40. Rd7 Nf5 41. Kh3 Kg8 42. Rc7 Kh8 43. Ne5 Ng7 44. g4 Kg8 45. Kg3 Ne6 46. Re7 Nd4 47. Kg2 Nc2 48. Kf2 Nd4 49. Ke3 Nc2+ 50. Ke4 Ne1 51. h5 gxh5 52. gxh5 Rf6 53. Rc7 Rh6 54. Ng4 Rb6 55. h6 Ng2 56. Ke5 Rb5+ 57. Kf6 Rb6+ 58. Ke7 Rb8 59. Nf6+ Kh8 60. Kd6 1-0

[Event "TUR-ch op"]
[Site "Antalya"]
[Date "2008.02.06"]
[Round "5.26"]
[White "Seyhanoglu, Deniz"]
[Black "Gunes, Sunay"]
[Result "1-0"]
[WhiteElo "2051"]
[BlackElo "1829"]
[PlyCount "101"]
[EventDate "2008.02.04"]
[EventType "swiss"]
[EventRounds "11"]
[EventCountry "TUR"]
[SourceTitle "CBM 122 Extra"]
[Source "ChessBase"]
[SourceDate "2008.03.04"]
[SourceVersion "1"]
[SourceVersionDate "2008.03.04"]
[SourceQuality "1"]

1. e4 c5 2. Nf3 d6 3. d4 cxd4 4. Nxd4 Nf6 5. Nc3 a6 6. Bg5 e6 7. Qd2 Be7 8. f3 0-0 9. g4 b5 10. Bd3 Bb7 11. h4 Nbd7 12. 0-0-0 Rc8 13. Be3 d5 14. g5 Nh5 15. Qg2 Rxc3 16. bxc3 Qa5 17. Kd2 Rc8 18. Ke2 Qxc3 19. Rb1 Bd6 20. Kf2 Bg3+ 21. Kf1 dxe4 22. fxe4 Be5 23. Ne2 Qa3 24. Qf3 g6 25. Kg2 f5 26. gxf6 Ndxf6 27. Rhf1 Rf8 28. Kh3 Qd6 29. Rbd1 Qb8 30. Rf2 Bd6 31. Qg2 e5 32. Kh2 Bc8 33. Kh1 Be6 34. Rdf1 Qd8 35. Bh6 Re8 36. Bg5 Be7 37. Ng3 Ng4 38. Nxh5 Bxg5 39. hxg5 Nxf2+ 40. Rxf2 gxh5 41. Rf6 Bg4 42. Qd2 Re6 43. Rf2 Kg7 44. Qe3 Qd4 45. Qd2 Rd6 46. Kg2 b4 47. Qe1 a5 48. Qf1 Qa7 49. Rf8 Qe7 50. Ra8 Rd8 51. Qf6+ 1-0